00569 2200205 4500001002100000005001500021035002000036007000300056008004100059245006300100260003800163020002200201082001000223084001600233250001100249100002400260300005300284650001000337990001600347INLIS00000000000030020221027120255 a0010-1022000042ta221027 b h ind 1 aKomik Next-G: Cinderella Sepau Bola /cGhaniyyah Mulyawati aBandung :bMuffin Graphics,c2016 a978-602-367-203-5 a741.5 a741.5 GHA k aCet. 10 aGhaniyyah Mulyawati a104 halaman :bilustrasi tidak berwarna ;c21 cm 4akomik a00000000398